Statistiken für Länder Europas Quiz

Klicken Sie hier um das Quiz zu spielen!

Allgemein

  • Dieses Quiz wurde 93.962 mal gespielt
  • Das Durchschnittsergebnis liegt bei 40 aus 45

Antworten auf der Karte

Die Antworten werden auf der Karte rot bzw. grün angezeigt, abhängig davon wie oft sie richtig erraten wurden.
Laden ...
 

Antwortstatistiken

Land% Korrekt
Italien
99%
Frankreich
99%
Deutschland
99%
Spanien
98%
Portugal
97%
Russland
97%
Schweden
97%
Schweiz
97%
Polen
97%
Österreich
97%
Finnland
96%
Dänemark
96%
Norwegen
96%
Belgien
96%
Vereinigtes
Königreich
96%
Irland
96%
Niederlande
95%
Griechenland
94%
Tschechien
93%
Luxemburg
93%
Island
93%
Ukraine
92%
Belarus
92%
Kroatien
91%
Lettland
91%
Estland
90%
Litauen
89%
Ungarn
87%
Slowakei
86%
Albanien
86%
Slowenien
85%
Liechtenstein
85%
Bosnien und
Herzegowina
85%
Rumänien
84%
Bulgarien
83%
Serbien
82%
Andorra
81%
Vatikanstadt
81%
Monaco
78%
Kosovo
77%
Nordmazedonien
76%
Malta
76%
San Marino
72%
Montenegro
70%
Moldawien
70%

Verteilung der Resultate

Perzentil nach korrekt beantworteten Fragen

Anzahl Personen mit jedem Resultat

Ihre Resultats-Entwicklung

Sie haben dieses Quiz noch nicht gespielt